| 000 | 00899nam a2200289 i 4500 | ||
|---|---|---|---|
| 001 | 000024238 | ||
| 003 | DO-SdBNP | ||
| 005 | 20240412074251.0 | ||
| 007 | ta | ||
| 008 | 110125t2010 dr 001 p spa d | ||
| 020 | _a9789945163643 | ||
| 040 |
_aDO-SdBNP _bspa _cBNPHU _erda |
||
| 082 | 4 |
_aRD861.44 _bJ86t _222 |
|
| 100 | 1 |
_aJovine Rijo, Federico A., _d1978- _949763 |
|
| 245 | 1 | 0 |
_aTodos los demonios / _cFederico A. Jovine Rijo. |
| 264 |
_aSanto Domingo : _bBúho, _c2010 |
||
| 300 |
_a99 páginas ; _c22 cm. |
||
| 336 |
_2rdacontent _atexto _btxt |
||
| 337 |
_2rdamedia _asin mediación _bn |
||
| 338 |
_2rdacarrier _avolumen _bnc |
||
| 500 | _aIncluye datos biográficos del autor en la contracubierta. | ||
| 590 | _aInventariado, 2018/LP | ||
| 650 | 0 |
_aPoesía dominicana _966 |
|
| 650 | 0 |
_aLiteratura dominicana. _967 |
|
| 910 | _aValidado. Control de calidad EMS | ||
| 942 |
_2ddc _cLBS1 |
||
| 999 |
_c23732 _d23732 |
||